Generación del '80.

Guardado en:
Formato: Deslizar
Series:Argentina. Una historia
Materias:
Etiquetas: Agregar Etiqueta
Sin Etiquetas, Sea el primero en etiquetar este registro!
LEADER 01040ngm a22002775g 4500
001 CEM.cems022871
008 130507b2008##################0###0#####d
005 20241125170218.0
245 0 0 |a Generación del '80. 
300 |a 26'. 
490 0 |a Argentina. Una historia 
500 |a En soporte VHS, consultar en ventanilla. 
505 0 |a El Estado Nacional. Argentina en el mercado capitalista mundial. La cuestión social. Trabajo urbano. Inmigración. Educación y cultura. Influencia europea. El fraude político. El positivismo. Leyes laicas. 
538 |a Soporte: VHS - Norma: Pal N - Color: Si - Grabación DRD 2008 - Hitachi=2490 
082 9 8 |/ ONQ 
653 |a HISTORIA 
653 |a HISTORIA ARGENTINA 
653 |a GENERACION DEL '80 
653 |a ESTADO NACIONAL 
653 |a CAPITALISMO INTERNACIONAL 
653 |a INMIGRACION 
653 |a FRAUDE POLITICO 
653 |a POSITIVISMO 
653 |a NIVEL PRIMARIO 
653 |a NIVEL SECUNDARIO 
859 |a CEMS  |b BIB. CEMS - Depto. Recursos Didacticos  |h 982  |i ONQ  |k DRD  |p 1514.12  |t Ej.1